[Event "Paulista-chT"]
[Site "Sao Paulo"]
[Date "2018.02.18"]
[Round "3.3"]
[White "Proudian, Armen"]
[Black "D'Israel, Davy Maurice"]
[Result "1-0"]
[WhiteElo "2423"]
[BlackElo "2133"]
[PlyCount "123"]
[EventDate "2018.02.17"]
[EventType "team-tourn"]
[EventRounds "7"]
[EventCountry "BRA"]
[SourceTitle "CBM 183 Extra"]
[Source "ChessBase"]
[SourceDate "2018.04.19"]
[SourceVersion "1"]
[SourceVersionDate "2018.04.19"]
[SourceQuality "1"]
[WhiteTeam "Xadrez Total"]
[BlackTeam "Hebraica"]
[WhiteTeamCountry "BRA"]
[BlackTeamCountry "BRA"]

1. e4 c5 2. Nf3 Nc6 3. d4 cxd4 4. Nxd4 g6 5. Nc3 Bg7 6. Be3 Nf6 7. Bc4 Qa5 8. 0-0 0-0 9. Bb3 d6 10. h3 Bd7 11. Nf3 Rfc8 12. Re1 Qd8 13. Ng5 Be8 14. f4 b5 15. Qd3 Na5 16. Nxb5 h6 17. Nf3 Nxb3 18. cxb3 Bxb5 19. Qxb5 Nxe4 20. Bd4 Nd2 21. Bxg7 Nxf3+ 22. gxf3 Kxg7 23. f5 Rc5 24. Qb7 Rxf5 25. Rxe7 d5 26. Qc7 Qxc7 27. Rxc7 Rxf3 28. Kg2 Rf5 29. Re1 a5 30. Rc5 Ra6 31. Rd1 Raf6 32. Rd2 Rg5+ 33. Kh2 d4 34. Rxg5 hxg5 35. Rxd4 Rf2+ 36. Kg3 Rf5 37. a4 Kf6 38. b4 axb4 39. Rxb4 Rf1 40. a5 Ra1 41. Rb5 Rg1+ 42. Kf3 Rh1 43. a6 Ra1 44. Rb6+ Kf5 45. b4 Ra3+ 46. Ke2 Ke4 47. b5 Ra2+ 48. Kd1 f5 49. Rxg6 f4 50. b6 Ra1+ 51. Kc2 Rxa6 52. b7 Rxg6 53. b8Q Kf3 54. Qb3+ Kg2 55. Qd5+ f3 56. Kd2 g4 57. Ke3 Ra6 58. hxg4 Ra3+ 59. Kd2 Kg1 60. Qc5+ f2 61. Qxa3 f1Q 62. Qc1 1-0

[Event "Paulista-chT"]
[Site "Sao Paulo"]
[Date "2018.02.17"]
[Round "1.2"]
[White "Machado, Antonio Rodrigo"]
[Black "D'Israel, Davy Maurice"]
[Result "1-0"]
[WhiteElo "1673"]
[BlackElo "2133"]
[PlyCount "107"]
[EventDate "2018.02.17"]
[EventType "team-tourn"]
[EventRounds "7"]
[EventCountry "BRA"]
[SourceTitle "CBM 183 Extra"]
[Source "ChessBase"]
[SourceDate "2018.04.19"]
[SourceVersion "1"]
[SourceVersionDate "2018.04.19"]
[SourceQuality "1"]
[WhiteTeam "Caetano CDRSJ"]
[BlackTeam "Hebraica"]
[WhiteTeamCountry "BRA"]
[BlackTeamCountry "BRA"]

1. e4 e6 2. d3 d5 3. Nd2 c5 4. Ngf3 Nc6 5. g3 Bd6 6. Bg2 Nge7 7. 0-0 h6 8. h4 Qc7 9. Re1 Bd7 10. Nf1 0-0-0 11. c3 Kb8 12. e5 Nxe5 13. Nxe5 Bxe5 14. Rxe5 Qxe5 15. Bf4 Qxf4 16. gxf4 Ng6 17. Qg4 h5 18. Qg3 Ne7 19. f5+ Kc8 20. fxe6 fxe6 21. Ne3 g5 22. b4 gxh4 23. Qxh4 Ng6 24. Qf6 Rhg8 25. bxc5 Rdf8 26. Qd4 Nf4 27. Kf1 Nxg2 28. Nxg2 e5 29. Qh4 Rg4 30. Qxh5 Rfg8 31. Qh2 d4 32. cxd4 e4 33. Ne3 R4g5 34. dxe4 Bb5+ 35. Ke1 Rg1+ 36. Kd2 Rxa1 37. Nd5 Rxa2+ 38. Kc3 Rg3+ 39. Qxg3 Ra3+ 40. Kb4 Rxg3 41. fxg3 Bd3 42. e5 Kd7 43. Kc3 Bb1 44. g4 Ba2 45. Nb4 Be6 46. g5 a5 47. Nd3 Kc6 48. Nf4 Bg8 49. g6 b5 50. cxb6 Kxb6 51. d5 Kc5 52. g7 a4 53. e6 Kd6 54. Kb4 1-0

[Event "Sao Paulo Hebraica op 24th"]
[Site "Sao Paulo"]
[Date "2017.01.14"]
[Round "3"]
[White "D'Israel, Davy Maurice"]
[Black "Da Silva Junior, Sediney Mari"]
[Result "1-0"]
[WhiteElo "2149"]
[BlackElo "1999"]
[PlyCount "71"]
[EventDate "2017.01.13"]
[EventType "swiss"]
[EventRounds "6"]
[EventCountry "BRA"]
[SourceTitle "CBM 176 Extra"]
[Source "ChessBase"]
[SourceDate "2017.03.02"]
[SourceVersion "1"]
[SourceVersionDate "2017.03.02"]
[SourceQuality "1"]

1. d4 f5 2. Nf3 Nf6 3. g3 d6 4. Bg2 c6 5. 0-0 Qc7 6. Nbd2 e5 7. dxe5 dxe5 8. Nc4 Nbd7 9. Nfxe5 Nxe5 10. Bf4 Nfd7 11. Qd4 Bc5 12. Bxe5 Qxe5 13. Qxe5+ Nxe5 14. Nxe5 Bd4 15. Nxc6 Bxb2 16. Rab1 Ba3 17. Na5 0-0 18. Bd5+ Kh8 19. Rb3 Bc5 20. Nxb7 Bxb7 21. Rxb7 f4 22. Kg2 Rad8 23. Bc4 Rd4 24. Bd3 Ra4 25. Rb5 Bb6 26. c4 Rxa2 27. c5 Bc7 28. f3 Rd8 29. Kh3 Rd5 30. Bc4 Rh5+ 31. Kg4 Rc2 32. Kxh5 Rxc4 33. Rd1 Kg8 34. Rd7 Be5 35. c6 Rxc6 36. Rxe5 1-0

[Event "Sao Paulo Hebraica op 20th"]
[Site "Sao Paulo"]
[Date "2015.06.06"]
[Round "5"]
[White "D'Israel, Davy Maurice"]
[Black "Nunes, Adilson"]
[Result "1-0"]
[WhiteElo "2143"]
[BlackElo "1707"]
[PlyCount "71"]
[EventDate "2015.06.04"]
[EventType "swiss"]
[EventRounds "6"]
[EventCountry "BRA"]
[SourceTitle "CBM 166 Extra"]
[Source "ChessBase"]
[SourceDate "2015.06.18"]
[SourceVersion "1"]
[SourceVersionDate "2015.06.18"]
[SourceQuality "1"]

1. e4 c5 2. Nf3 d6 3. d4 cxd4 4. Nxd4 Nf6 5. Nc3 a6 6. Be3 e5 7. Nb3 Be7 8. f3 0-0 9. Qd2 b5 10. a4 b4 11. Nd5 Nbd7 12. Nxb4 Bb7 13. Nd5 Nxd5 14. exd5 Nf6 15. c4 Nh5 16. Na5 Rb8 17. b4 Bf6 18. Ra3 Ba8 19. b5 Nf4 20. g3 Ng6 21. Bd3 e4 22. Bxe4 Ne5 23. 0-0 h5 24. Kg2 g5 25. f4 Ng4 26. Ba7 Re8 27. Bf3 Nh6 28. Bxb8 gxf4 29. Ba7 Kh8 30. Bd4 Rg8 31. b6 Nf5 32. Bxf6+ Qxf6 33. Qxf4 Nh4+ 34. Kh1 Nf5 35. Be4 Nxg3+ 36. Rxg3 1-0

[Event "Sao Paulo Hebraica op 20th"]
[Site "Sao Paulo"]
[Date "2015.06.05"]
[Round "3"]
[White "D'Israel, Davy Maurice"]
[Black "Cukier, Marcelo"]
[Result "0-1"]
[WhiteElo "2143"]
[BlackElo "2120"]
[PlyCount "72"]
[EventDate "2015.06.04"]
[EventType "swiss"]
[EventRounds "6"]
[EventCountry "BRA"]
[SourceTitle "CBM 166 Extra"]
[Source "ChessBase"]
[SourceDate "2015.06.18"]
[SourceVersion "1"]
[SourceVersionDate "2015.06.18"]
[SourceQuality "1"]

1. Nf3 Nf6 2. g3 g6 3. b3 Bg7 4. Bb2 0-0 5. c4 c5 6. Bg2 d5 7. cxd5 Qxd5 8. 0-0 Qh5 9. d3 Nc6 10. Nbd2 Bh3 11. Rc1 b6 12. Qc2 Rac8 13. Rfe1 e5 14. Bh1 Bh6 15. Rb1 Ng4 16. a3 Ne3 17. Qc3 Nd4 18. Ne4 f5 19. fxe3 fxe4 20. dxe4 Nc2 21. Qc4+ Kh8 22. Bg2 Bxe3+ 23. Kh1 Bxg2+ 24. Kxg2 Nxe1+ 25. Rxe1 Bd4 26. Bc1 g5 27. Qe6 h6 28. h4 Rce8 29. Qc6 Bc3 30. Rd1 g4 31. Nh2 Bd4 32. Bxh6 Rf2+ 33. Kh1 Qf7 34. Bg5 Re6 35. Qd5 Rxe2 36. Bc1 Rxh2+ 0-1

[Event "Sao Paulo Hebraica op 20th"]
[Site "Sao Paulo"]
[Date "2015.06.04"]
[Round "2"]
[White "Vieira, Alexandre Letizio"]
[Black "D'Israel, Davy Maurice"]
[Result "1-0"]
[WhiteElo "1835"]
[BlackElo "2143"]
[PlyCount "100"]
[EventDate "2015.06.04"]
[EventType "swiss"]
[EventRounds "6"]
[EventCountry "BRA"]
[SourceTitle "CBM 166 Extra"]
[Source "ChessBase"]
[SourceDate "2015.06.18"]
[SourceVersion "1"]
[SourceVersionDate "2015.06.18"]
[SourceQuality "1"]

1. e4 e5 2. Nf3 Nc6 3. Bb5 Nf6 4. d3 Bc5 5. 0-0 d6 6. c3 Bd7 7. Nbd2 a6 8. Ba4 b5 9. Bb3 0-0 10. a3 Bb6 11. h3 Ne7 12. Re1 Ng6 13. Nf1 Be6 14. Bc2 c5 15. Be3 d5 16. b4 d4 17. cxd4 cxd4 18. Bd2 a5 19. Ng5 Bd7 20. Bb3 Qe7 21. f4 h6 22. f5 Nf4 23. Bxf4 hxg5 24. Bxg5 axb4 25. Bxf6 Qxf6 26. axb4 Rxa1 27. Qxa1 Qd6 28. Qb2 Rc8 29. Nh2 Bd8 30. Nf3 Rc3 31. Rd1 Be7 32. Bd5 Kf8 33. Kf1 Bxf5 34. Qa2 Be6 35. Bxe6 fxe6 36. Qa8+ Kf7 37. Qb7 Rb3 38. Qxb5 Bf6 39. Ra1 Rxb4 40. Ra7+ Kg6 41. Qe8+ Kh7 42. Qh5+ Kg8 43. Qe8+ Kh7 44. Ra8 Rb1+ 45. Kf2 Rb2+ 46. Kg1 Rb1+ 47. Kh2 Kh6 48. Qh8+ Kg6 49. g4 Be7 50. Qh5+ Kf6 1-0

[Event "Pan American-ch Seniors 50"]
[Site "Sao Paulo"]
[Date "2014.12.20"]
[Round "6"]
[White "D'Israel, Davy Maurice"]
[Black "Andrade, Roberto Luiz Costa"]
[Result "1/2-1/2"]
[WhiteElo "2206"]
[BlackElo "2234"]
[PlyCount "128"]
[EventDate "2014.12.17"]
[EventType "swiss"]
[EventRounds "7"]
[EventCountry "BRA"]
[SourceTitle "CBM 164 Extra"]
[Source "ChessBase"]
[SourceDate "2015.03.02"]
[SourceVersion "1"]
[SourceVersionDate "2015.03.02"]
[SourceQuality "1"]

1. d4 d5 2. c4 c6 3. Nf3 Nf6 4. g3 g6 5. Bg2 Bg7 6. 0-0 0-0 7. Qb3 Nbd7 8. cxd5 cxd5 9. Nc3 Nb6 10. a4 a5 11. Ne5 Be6 12. Rd1 Ne4 13. Bf4 g5 14. Be3 Nxc3 15. bxc3 f6 16. Rab1 Ra6 17. Nd3 Bf5 18. Nc5 Bxb1 19. Rxb1 Nc4 20. Nxa6 bxa6 21. Qb7 e6 22. Qxa6 Qc8 23. Qxc8 Rxc8 24. Bc1 h6 25. e4 dxe4 26. Bxe4 Nd6 27. Bg6 Rxc3 28. Bd2 Rc4 29. Rb8+ Bf8 30. Bxa5 Rxa4 31. Bb4 Ra6 32. Rd8 Kg7 33. Bh5 Be7 34. Rd7 Kf8 35. Bc5 f5 36. Rc7 Ra8 37. Bf3 Rd8 38. Bb7 Kf7 39. h3 h5 40. Bf3 g4 41. Bd1 Kf6 42. Bb3 Rb8 43. Ba4 Ra8 44. Bd7 Rd8 45. Kg2 Ne4 46. hxg4 hxg4 47. Bb6 Rb8 48. Rc6 Bd6 49. Bc8 Ra8 50. d5 exd5 51. Bd4+ Kg5 52. Be6 Ra5 53. Bb6 Rb5 54. Bg8 Kf6 55. Bd4+ Ke7 56. Ra6 Bc5 57. Bg7 Bb6 58. Ra2 Ng5 59. Re2+ Ne4 60. Be5 Ba7 61. Rc2 Bb6 62. Ra2 Bc5 63. Bg7 Bb6 64. Be5 Bc5 1/2-1/2

[Event "Pan American-ch Seniors 50"]
[Site "Sao Paulo"]
[Date "2014.12.19"]
[Round "4"]
[White "D'Israel, Davy Maurice"]
[Black "Tsuboi, Edson Kenji"]
[Result "0-1"]
[WhiteElo "2206"]
[BlackElo "2252"]
[PlyCount "40"]
[EventDate "2014.12.17"]
[EventType "swiss"]
[EventRounds "7"]
[EventCountry "BRA"]
[SourceTitle "CBM 164 Extra"]
[Source "ChessBase"]
[SourceDate "2015.03.02"]
[SourceVersion "1"]
[SourceVersionDate "2015.03.02"]
[SourceQuality "1"]

1. d4 Nf6 2. c4 e6 3. g3 c5 4. d5 d6 5. Bg2 exd5 6. cxd5 g6 7. Nf3 Bg7 8. Nc3 0-0 9. 0-0 a6 10. a4 Nbd7 11. Nd2 Re8 12. Nc4 Ne5 13. Na3 Nh5 14. h3 f5 15. Kh2 f4 16. gxf4 Qh4 17. fxe5 Bxe5+ 18. f4 Qg3+ 19. Kh1 Bxh3 20. Bf3 Nxf4 0-1

[Event "Sao Paulo Braga Memorial 3rd"]
[Site "Sao Paulo"]
[Date "2014.12.14"]
[Round "5"]
[White "Bastos Seixas, Pedro Lucas"]
[Black "D'Israel, Davy Maurice"]
[Result "1-0"]
[WhiteElo "1965"]
[BlackElo "2206"]
[PlyCount "65"]
[EventDate "2014.12.12"]
[EventType "swiss"]
[EventRounds "6"]
[EventCountry "BRA"]
[SourceTitle "EXT 2016"]
[Source "ChessBase"]
[SourceDate "2015.10.08"]
[SourceVersion "1"]
[SourceVersionDate "2015.10.08"]
[SourceQuality "1"]

1. e4 c5 2. Nf3 Nc6 3. Bb5 g6 4. 0-0 Bg7 5. Bxc6 bxc6 6. d3 Nf6 7. Bd2 0-0 8. Bc3 d6 9. h3 e5 10. Nbd2 Nh5 11. Kh2 Nf4 12. Ng1 d5 13. Nb3 Qe7 14. Ne2 Ne6 15. f4 c4 16. exd5 cxb3 17. dxe6 bxc2 18. exf7+ Rxf7 19. Qxc2 Ba6 20. Rf3 Rd8 21. Raf1 Qc5 22. fxe5 Bxe5+ 23. Kh1 Bxd3 24. Qd2 Rfd7 25. Bb4 Qc4 26. Rf8+ Rxf8 27. Rxf8+ Kg7 28. Rf2 Bf5 29. Qe1 Bxb2 30. Ng3 Bc2 31. Bf8+ Kg8 32. Qe8 Rd1+ 33. Kh2 1-0

[Event "Sao Paulo Braga Memorial 3rd"]
[Site "Sao Paulo"]
[Date "2014.12.14"]
[Round "6"]
[White "D'Israel, Davy Maurice"]
[Black "Araujo, Renan Aparecido"]
[Result "1-0"]
[WhiteElo "2206"]
[BlackElo "1966"]
[PlyCount "99"]
[EventDate "2014.12.12"]
[EventType "swiss"]
[EventRounds "6"]
[EventCountry "BRA"]
[SourceTitle "EXT 2016"]
[Source "ChessBase"]
[SourceDate "2015.10.08"]
[SourceVersion "1"]
[SourceVersionDate "2015.10.08"]
[SourceQuality "1"]

1. d4 Nf6 2. c4 g6 3. Nc3 Bg7 4. e4 d6 5. Nf3 0-0 6. h3 e5 7. d5 Nh5 8. g3 a5 9. Be2 Na6 10. Nd2 Nf6 11. g4 Nd7 12. Nf1 h6 13. h4 Ndc5 14. Ng3 Kh7 15. Be3 c6 16. h5 g5 17. 0-0 Nc7 18. a3 N5a6 19. b4 Ne8 20. Qb3 c5 21. bxc5 Nxc5 22. Bxc5 dxc5 23. Na4 Nf6 24. f3 Nd7 25. Nf5 Ra6 26. Rab1 Re8 27. Qe3 Bf8 28. Rb5 Rf6 29. Rfb1 b6 30. Kg2 Ba6 31. R5b2 Qc7 32. Qb3 Rb8 33. Nc3 Rb7 34. Qd1 Qb8 35. Qf1 Bd6 36. Bd1 Be7 37. Ba4 Bd8 38. Qd3 Qc8 39. d6 Nf8 40. Nd5 Ne6 41. Nxf6+ Bxf6 42. d7 Qb8 43. Qd6 Qa7 44. Rxb6 Rxb6 45. Rxb6 Bxc4 46. Qb8 Qxb8 47. Rxb8 Bd3 48. Nd6 Nd8 49. Rc8 Be7 50. Nf5 1-0

[Event "Sao Paulo Braga Memorial 3rd"]
[Site "Sao Paulo"]
[Date "2014.12.13"]
[Round "3"]
[White "D'Israel, Davy Maurice"]
[Black "Capelo, Martinho Figueira"]
[Result "1-0"]
[WhiteElo "2206"]
[BlackElo "1902"]
[PlyCount "97"]
[EventDate "2014.12.12"]
[EventType "swiss"]
[EventRounds "6"]
[EventCountry "BRA"]
[SourceTitle "EXT 2016"]
[Source "ChessBase"]
[SourceDate "2015.10.08"]
[SourceVersion "1"]
[SourceVersionDate "2015.10.08"]
[SourceQuality "1"]

1. d4 d5 2. c4 Nc6 3. Nc3 e5 4. dxe5 d4 5. Nd5 Be6 6. e4 dxe3 7. Bxe3 Nxe5 8. Qb3 Bxd5 9. cxd5 Bd6 10. Nf3 Nxf3+ 11. gxf3 Nf6 12. 0-0-0 0-0 13. Bd3 Nh5 14. Kb1 a5 15. Bc2 a4 16. Qd3 g6 17. a3 b5 18. Qd4 Re8 19. Rhg1 b4 20. Qg4 Nf6 21. Qh4 bxa3 22. Bxa4 Rxe3 23. fxe3 Qb8 24. b3 Be5 25. Ka2 Qb6 26. Rge1 Qc5 27. Rc1 Qxd5 28. Qc4 Qd2+ 29. Qc2 Qb4 30. e4 c5 31. Re2 Bd4 32. Qc4 Qb8 33. e5 Bxe5 34. Rce1 Bd4 35. Bc6 Kg7 36. Bxa8 Qxa8 37. Rd1 Qxf3 38. Rxd4 cxd4 39. Rd2 d3 40. Qxd3 Qxd3 41. Rxd3 Ne4 42. b4 f5 43. b5 f4 44. b6 Nc5 45. Rd5 Na6 46. Kxa3 Kf6 47. Ka4 g5 48. Kb5 Nb8 49. Rd8 1-0

[Event "Sao Paulo Braga Memorial 3rd"]
[Site "Sao Paulo"]
[Date "2014.12.12"]
[Round "2"]
[White "Dinegri, Rodrigo"]
[Black "D'Israel, Davy Maurice"]
[Result "0-1"]
[WhiteElo "1652"]
[BlackElo "2206"]
[PlyCount "54"]
[EventDate "2014.12.12"]
[EventType "swiss"]
[EventRounds "6"]
[EventCountry "BRA"]
[SourceTitle "EXT 2016"]
[Source "ChessBase"]
[SourceDate "2015.10.08"]
[SourceVersion "1"]
[SourceVersionDate "2015.10.08"]
[SourceQuality "1"]

1. e4 c5 2. d4 cxd4 3. c3 Nf6 4. e5 Nd5 5. cxd4 d6 6. Bc4 e6 7. Nf3 Nc6 8. 0-0 Be7 9. Qe2 0-0 10. a3 Bd7 11. Rd1 Rc8 12. Qe4 f5 13. Qe2 Nb6 14. exd6 Nxc4 15. dxe7 Nxe7 16. b3 Nd6 17. Bb2 Nd5 18. Ne5 Bb5 19. Nc4 Nf4 20. Qe5 Qg5 21. Ne3 Nh3+ 22. Kh1 Nxf2+ 23. Kg1 Nxd1 24. Qxe6+ Kh8 25. Nxd1 Rfe8 26. Qxd6 Re1+ 27. Kf2 Rf1# 0-1

[Event "Paulista-chT Interclubes"]
[Site "Sao Paulo"]
[Date "2013.02.??"]
[Round "4"]
[White "Aranha Filho, Alvaro Zimmermann"]
[Black "D'Israel, Davy Maurice"]
[Result "0-1"]
[WhiteElo "2270"]
[BlackElo "2210"]
[PlyCount "78"]
[EventDate "2013.02.25"]
[EventType "team-tourn"]
[EventRounds "7"]
[EventCountry "BRA"]
[SourceTitle "EXT 2022"]
[Source "ChessBase"]
[SourceDate "2021.10.06"]
[SourceVersion "1"]
[SourceVersionDate "2021.10.06"]
[SourceQuality "1"]
[WhiteTeam "Circulo Militar"]
[BlackTeam "Sociedade Hebraica"]
[WhiteTeamCountry "BRA"]
[BlackTeamCountry "BRA"]

1. d4 Nf6 2. c4 e6 3. Nf3 Bb4+ 4. Bd2 Qe7 5. g3 Nc6 6. Nc3 Bxc3 7. Bxc3 Ne4 8. Rc1 0-0 9. Bg2 d6 10. d5 Nxc3 11. Rxc3 Nb8 12. dxe6 fxe6 13. Nd4 Kh8 14. 0-0 e5 15. Nc2 Nc6 16. Ne3 Be6 17. Nd5 Qd7 18. e3 Nd8 19. Qd2 c6 20. Nb4 Nf7 21. f4 Rae8 22. e4 Qd8 23. f5 Bc8 24. Nc2 Qb6+ 25. Ne3 Qc5 26. Kh1 Rd8 27. Rd3 a5 28. b3 b6 29. Qb2 Ba6 30. Rc1 b5 31. cxb5 Qxb5 32. Rdc3 Bb7 33. a4 Qb4 34. Rd3 Ba6 35. Rd2 Rb8 36. Rc3 Bb7 37. h4 Rfd8 38. Kh2 c5 39. Qc2 Bc6 0-1

[Event "Sao Paolo Hebraica 07th"]
[Site "Sao Paolo"]
[Date "2013.01.06"]
[Round "2"]
[White "D'Israel, Davy Maurice"]
[Black "Aranha Filho, Alvaro Zimmermann"]
[Result "1/2-1/2"]
[WhiteElo "2199"]
[BlackElo "2270"]
[PlyCount "102"]
[EventDate "2013.01.05"]
[EventType "tourn"]
[EventRounds "9"]
[EventCountry "BRA"]
[EventCategory "2"]
[SourceTitle "CBM 152 Extra"]
[Source "ChessBase"]
[SourceDate "2013.02.25"]
[SourceVersion "1"]
[SourceVersionDate "2013.02.25"]
[SourceQuality "1"]

1. d4 Nf6 2. c4 e6 3. g3 d5 4. Bg2 c5 5. cxd5 exd5 6. Nf3 Nc6 7. 0-0 Be7 8. dxc5 Bxc5 9. Bg5 0-0 10. Nc3 d4 11. Ne4 Be7 12. Bxf6 Bxf6 13. Ne1 Re8 14. Nd3 Ne5 15. Rc1 Rb8 16. Qa4 Bg4 17. Rfe1 a6 18. Nec5 Bd7 19. Nxd7 Nxd7 20. Qb3 Bg5 21. Bd5 Re7 22. Rc2 Bf6 23. Rd1 g6 24. Bg2 b6 25. Nb4 Nc5 26. Qf3 Re6 27. Nc6 Rxc6 28. Qxc6 a5 29. b3 Qe7 30. Qb5 h5 31. h4 Ne4 32. Bxe4 Qxe4 33. Rc6 Kg7 34. Rc7 Re8 35. Qc4 Re6 36. Rd2 Qb1+ 37. Qc1 Qe4 38. Qc2 Qe5 39. Rc6 Re7 40. Qd3 b5 41. Rdc2 Re6 42. R6c5 Qd6 43. Rxb5 Re3 44. Rc6 Qxc6 45. fxe3 dxe3 46. Qd5 Qc1+ 47. Kg2 Qc2 48. Qc4 Qd2 49. Rb7 Kh6 50. Rxf7 Be5 51. Re7 Qe1 1/2-1/2

[Event "Paulista-chT Interclubes"]
[Site "Sao Paulo"]
[Date "2012.02.??"]
[Round "1"]
[White "D'Israel, Davy Maurice"]
[Black "Souza, Adwilhans Luciano"]
[Result "1-0"]
[WhiteElo "2199"]
[BlackElo "2335"]
[PlyCount "71"]
[EventDate "2012.02.25"]
[EventType "team-tourn"]
[EventRounds "7"]
[EventCountry "BRA"]
[SourceTitle "EXT 2022"]
[Source "ChessBase"]
[SourceDate "2021.10.06"]
[SourceVersion "1"]
[SourceVersionDate "2021.10.06"]
[SourceQuality "1"]
[WhiteTeam "Sociedade Hebraica"]
[BlackTeam "Pinheiros EC"]
[WhiteTeamCountry "BRA"]
[BlackTeamCountry "BRA"]

1. d4 d5 2. c4 c6 3. Nc3 Nf6 4. Nf3 e6 5. g3 Nbd7 6. Bg2 dxc4 7. 0-0 Be7 8. a4 a5 9. e4 0-0 10. Qe2 b6 11. Rd1 Ba6 12. Bg5 h6 13. Bxf6 Nxf6 14. Ne5 Qc7 15. Nxc4 b5 16. e5 bxc4 17. exf6 Bxf6 18. Qf3 Rab8 19. Ne4 Be7 20. Rd2 Rfd8 21. Rad1 Rb4 22. Nc5 Bxc5 23. dxc5 Rxd2 24. Rxd2 Rxa4 25. Qd1 Bb5 26. Rd8+ Kh7 27. Rd6 Rb4 28. h4 Qe7 29. Rd7 Qxc5 30. Rxf7 Qe5 31. Qc2+ Kg8 32. Qg6 Ba4 33. Re7 Rb8 34. Be4 Qf6 35. Qh7+ Kf8 36. Ra7 1-0